Estudio de prefactibilidad para instalar una planta para la fabricación de pastas alimenticias
Este trabajo contempla es estudio de prefactibilidad para la instalación de una procesadora y empacadora de pastas alimenticias, ubicada en el municipio de Managua teniendo como fin crear una nueva industria que se dedique a satisfacer las necesidades, expectativas y deseos de un determinado mercad...
| Main Authors: | , , |
|---|---|
| Other Authors: | |
| Format: | Tesis Section = Libro |
| Language: | Undetermined Spanish |
| Published: |
Managua
UNI
2009
|
| Subjects: |
| LEADER | 01305nam a2200277Ia 4500 | ||
|---|---|---|---|
| 008 | 240830s9999 xx 000 0 und d | ||
| 040 | |a BIBLIOTECA-RUPAP Mon 664.755 M829 | ||
| 041 | |a spa | ||
| 082 | |a Mon 664.755 M829 | ||
| 100 | 1 | |a Morán López, Wendy Gissell | |
| 100 | 1 | |b Silva Mayorga, Valeria del Carmen | |
| 100 | 1 | |c Valdez Miranda, Elizabeth Concepción | |
| 245 | 1 | 0 | |a Estudio de prefactibilidad para instalar una planta para la fabricación de pastas alimenticias |
| 260 | |a Managua |b UNI |c 2009 | ||
| 300 | |a 193 p. :il. | ||
| 500 | |a Contiene: anexos e Incluye: CD. | ||
| 502 | |a Tesis (Ingeniero Industrial)- UNI, 2009. | ||
| 520 | 3 | |a Este trabajo contempla es estudio de prefactibilidad para la instalación de una procesadora y empacadora de pastas alimenticias, ubicada en el municipio de Managua teniendo como fin crear una nueva industria que se dedique a satisfacer las necesidades, expectativas y deseos de un determinado mercado, presenta un estudio de mercado, estudio técnico y el estudio financiero del proyecto. | |
| 650 | 7 | |a PASTAS ALIMENTICIAS | |
| 650 | 7 | |b TECNOLOGÍA DE ALIEMENTOS | |
| 650 | 7 | |c MERCADEO - INVESTIGACIONES | |
| 650 | 7 | |d ANÁLISIS FINANCIERO | |
| 700 | 1 | |a Tutor: |b López Guadamuz, Juan José | |
| 942 | |c BK |2 ddc | ||
| 991 | |a TESIS | ||
| 999 | |c 17737 | ||